Statistics for Assassin's Creed Lore A-Z

Click here to take the quiz!

General Stats

  • This quiz has been taken 34 times
  • The average score is 14 of 26

Answer Stats

A - ZHintAnswer% Correct
ACompany that created the AnimusAbstergo
96%
EPieces of ____Eden
93%
CEnglish name of Ratonhnhake':tonConnor
89%
DModern protagonist in games 1-3 & son of WDesmond Miles
89%
KLast name of Edward, Haytham, and CKenway
85%
HPrimary weapons of the AssassinsHidden Blade
81%
FTwin Assassins from BritainJacob & Evie Frye
81%
BFounder of the Hidden OnesBayek of Siwa
78%
JPrecursor antagonistJuno
67%
TAntagonist order to the AssassinsTemplar Order
67%
IPrecursor race to humansIsu
59%
PEmpire that H was first used inPersian
59%
WFather of DWilliam Miles
59%
LModern protagonist Origins - ValhallaLayla Hassan
56%
RViking clan that moved from Norway to EnglandRaven Clan
48%
QShip captained by Edward TeachQueen Anne's Revenge
41%
MShip belonging to Shay Patrick CormackThe Morrigan
41%
YLeader of the Constantinople Assassins c. 1511Yusuf Tazim
41%
XFirst significant figure killed with HXerxes I
37%
NFather of Alexios & KassandraNikolaos
33%
SPrecursor artifact found in
Victorian London
Shroud of Eden
33%
VAbstergo scientist that kidnapped DWarren Vidic
33%
OAncient predecessors to the antagonist orderOrder of the Ancients
26%
GSpear wielded by Odin & later EivorGungnir
22%
ZMercenaries fought in AC ValhallaZealots
19%
UEvent that led to R's immigrationUnification of Norway
7%

Score Distribution

Percentile by Number Answered

Percent of People with Each Score

Your Score History

You have not taken this quiz